| 000 | 02639nam a22002657a 4500 | ||
|---|---|---|---|
| 003 | Uzh_bibl | ||
| 008 | 260429b |||||||| |||| 00| 0 ukr d | ||
| 020 |
_a966-8522-42-7 _c55.00 |
||
| 040 | _aукр. | ||
| 041 |
_2ukr _aukr |
||
| 080 | _a821(477) | ||
| 090 |
_a821(477) _bН 38 |
||
| 100 | _a. | ||
| 245 |
_aНезнайома. Антологія ураїнської "жіночої" прози та есеїстики другої половини ХХ-початку ХХІ ст. _cАвт. проект, упоряд., вступ. слово, бібліограф. відом. та приміт. Василя Габора _hТекст |
||
| 260 |
_aЛьвів _bЛА Піраміда _c2005 |
||
| 300 |
_a600 с. _fВ опр. |
||
| 490 | _aСерія "Приватна колекція" | ||
| 520 | _a«Незнайома» - це унікальна книга в українському літературному просторі. У ній уперше об’єднано під однією обкладинкою прозу та есеїстику тридцяти добре відомих і малознаних українських письменниць-прозаїків та провідних літературознавців (і все про них), як тонко і глибоко відтворюють внутрішній світ української жінки, її світовідчуття та світосприйняття. В антології представлені яскраві зразки художньої прози та есеїстики (короткі романи, повісті, новели, попвідання, притчі, есе), у яких тісно переплелися вишукана естетика й філософічність, фантазія, еротика й містика. | ||
| 521 | _aДля широкого кола читачів | ||
| 546 | _aукр. | ||
| 650 |
_aЛітературно-художнє видання _yПеріоди ХХ–ХХІ століть, а також окремі історичні й сучасні часові площини _zРізні місця (переважно Україна, іноді узагальнений або уявний простір) |
||
| 653 |
_aЖінка _aСвідомість _aПочуття _aІдентичність _aМістика |
||
| 655 |
_aАнтологія (проза та есеїстика: оповідання, новели, повісті, короткі романи, притчі, есе) _v[Проза та есеїстика] |
||
| 942 |
_2udc _cBK |
||
| 999 |
_c17565 _d17565 |
||